[Event "Open A"]
[Site "Groningen NED"]
[Date "2009.12.21"]
[Round "1"]
[White "Genova,Ly"]
[Black "Reinderman,D"]
[Result "0-1"]
[WhiteElo "2263"]
[BlackElo "2575"]

1.e4 c5 2.Nf3 d6 3.Bb5+ Nd7 4.d4 Nf6 5.Nc3 a6 6.Bxd7+ Nxd7 7.d5 b5 8.O-O g6
9.Bf4 Bg7 10.Qc1 O-O 11.Bh6 Nb6 12.Re1 e5 13.Bxg7 Kxg7 14.Nd2 f5 15.f3 Bd7
16.Ne2 f4 17.c4 g5 18.a3 Rc8 19.b3 Rf6 20.h3 h5 21.Kh2 g4 22.g3 Rg6 23.Rg1 Qg5
24.Qc3 Kg8 25.Raf1 Rf8 26.Qc1 fxg3+ 27.Rxg3 h4 28.Rgg1 g3+ 29.Kg2 Qe3 30.Nc3 b4
31.axb4 cxb4 32.Qe1 Qxc3  0-1

[Event "Open A"]
[Site "Groningen NED"]
[Date "2009.12.23"]
[Round "3"]
[White "Genova,Ly"]
[Black "Hoffmann,Micha1"]
[Result "1/2-1/2"]
[WhiteElo "2263"]
[BlackElo "2509"]

1.e4 c5 2.Nf3 d6 3.Bb5+ Nd7 4.d4 Nf6 5.Nc3 cxd4 6.Qxd4 e5 7.Qd3 h6 8.Be3 Be7
9.Bc4 a6 10.a4 Qc7 11.O-O Nc5 12.Bxc5 Qxc5 13.Nd5 Be6 14.b4 Qc8 15.a5 Nxd5
16.Bxd5 O-O 17.c4 Bxd5 18.Qxd5 Qc6 19.Rfd1 Rac8 20.Rac1 Rc7 21.Qxc6 Rxc6
22.Rc2 Rfc8 23.Rdc1 g6 24.g4 b6 25.axb6 Rxb6 26.Rb1 Rbc6 27.Rbc1 Kg7 28.Kf1 f5
29.gxf5 gxf5 30.exf5 Kf6 31.Nh4 d5 32.c5 Rb8 33.Rd1 Rxb4 34.Ng6 d4 35.Re1 d3
36.Rd2 Bxc5 37.Nxe5 Rd6 38.Rxd3 Rbd4 39.Rh3 Rd2 40.Ng4+ Kxf5 41.Re5+ Kxg4  1/2-1/2

[Event "Tata Steel TCh-Asia"]
[Site "Kolkata IND"]
[Date "2009.12.25"]
[Round "4"]
[White "Toufighi,H"]
[Black "Farid,F"]
[Result "1-0"]
[WhiteElo "2454"]
[BlackElo "2249"]

1.e4 c5 2.Nf3 d6 3.Bb5+ Nd7 4.O-O Nf6 5.Re1 a6 6.Bf1 e6 7.c3 Be7 8.d4 cxd4
9.cxd4 O-O 10.Nc3 b5 11.e5 Nd5 12.Nxd5 exd5 13.Bf4 dxe5 14.dxe5 Nc5 15.Nd4 Be6
16.Nc6 Qd7 17.Nxe7+ Qxe7 18.Qh5 g6 19.Qh6 f5 20.exf6 Qxf6 21.Bd6 Qxf2+ 22.Kh1 Ne4
23.Bxf8 Rxf8 24.Bd3 Qxb2 25.Bxe4 dxe4 26.Rf1 Re8 27.Qe3 Bxa2 28.Rfe1 b4 29.Rac1 Qg7
30.Qb6 b3 31.Qxa6 Qe5 32.Re2 Qe6 33.Qa4 e3 34.Rce1 Qe4 35.Qa7 Re7 36.Qc5 Qe5
37.Qa3 Re8 38.h3 Qd4 39.Qc1 Kh8 40.Rd1 Qe5 41.Rde1 Qd4 42.Qc6 Rb8 43.Qc7 Re8
44.Qf7 Rg8 45.Rxe3 Qg7 46.Qc4 g5 47.Re8 h6 48.R1e7  1-0

[Event "North American Open"]
[Site "Las Vegas USA"]
[Date "2009.12.26"]
[Round "1"]
[White "Holliman,B"]
[Black "Yermolinsky,A"]
[Result "0-1"]
[WhiteElo "2164"]
[BlackElo "2528"]

1.e4 c5 2.Nf3 d6 3.Bb5+ Nd7 4.O-O Nf6 5.Re1 e6 6.c3 Be7 7.d4 O-O 8.e5 Nd5
9.Bd3 cxd4 10.exd6 Bxd6 11.Bxh7+ Kxh7 12.Ng5+ Kg8  0-1

[Event "39th Rilton Cup"]
[Site "Stockholm SWE"]
[Date "2009.12.27"]
[Round "1"]
[White "Hammer,J"]
[Black "Kauppila,O"]
[Result "1/2-1/2"]
[WhiteElo "2588"]
[BlackElo "2279"]

1.e4 c5 2.Nf3 d6 3.Bb5+ Nc6 4.Bxc6+ bxc6 5.O-O e5 6.c3 f5 7.exf5 Bxf5 8.d4 e4
9.Nfd2 cxd4 10.cxd4 Nf6 11.f3 exf3 12.Qxf3 Bd7 13.Ne4 Be7 14.Nxf6+ Bxf6 15.Re1+ Kf7
16.Bg5 Qa5 17.Qb3+ Kg6 18.Bd2 Qb6 19.Qg3+ Kf7 20.Rf1 Qxd4+ 21.Kh1 Rhe8 22.Bc3 Qg4
23.Bxf6 gxf6 24.Qb3+ Be6 25.Qc2 Bf5 26.Qb3+ Be6 27.Qd3 Bf5 28.Qb3+ Be6 29.Qd3 Bf5
30.Qb3+  1/2-1/2

[Event "11th Christmas Open"]
[Site "Litomysl CZE"]
[Date "2009.12.28"]
[Round "4"]
[White "Biolek,R1"]
[Black "Fuchs,Ju"]
[Result "1/2-1/2"]
[WhiteElo "2385"]
[BlackElo "2188"]

1.e4 c5 2.Nf3 d6 3.Bb5+ Bd7 4.Bxd7+ Qxd7 5.O-O Nf6 6.d3 e6 7.c4 Nc6 8.Nc3 g6
9.Be3 b6 10.d4 cxd4 11.Nxd4 Bg7 12.f4 O-O 13.Rc1 Rac8 14.b3 Rfd8 15.Qf3 d5
16.Nxc6 dxe4 17.Nxe4 Qxc6 18.Nxf6+ Bxf6 19.Qxc6 Rxc6 20.Rfd1 Rcd6 21.Rxd6 Rxd6
22.c5 bxc5 23.Rxc5 Bd4 24.Rc8+ Kg7 25.Kf2 Kf6 26.Rc7 Bxe3+ 27.Kxe3 Ra6 28.Rc2 e5
29.Ke4 exf4 30.Kxf4 Re6 31.b4 Ra6 32.Ke4 Ra4 33.Rb2 Ke6 34.Kd4 Kd6 35.Kc4 Ra3
36.Rd2+ Kc6 37.b5+ Kc7 38.Rc2 Kb6 39.Kb4 Re3 40.Rc6+ Kb7 41.Rf6 Re7 42.a4 h5
43.a5 Rc7 44.g3 Kb8 45.a6 Kc8 46.b6 axb6 47.Kb5 Rc2 48.Rxf7 Rb2+ 49.Kc6 Kb8
50.Rg7 Ka8 51.h4 Rb3 52.Rxg6 Ka7 53.Rg8 Rd3 54.Kb5 Rd5+ 55.Kc4 Rc5+ 56.Kd4 Kxa6
57.Rg5 Kb5 58.g4 hxg4 59.Ke3 g3 60.Kf3 Kb4 61.Rxc5  1/2-1/2

[Event "85th Masters"]
[Site "Hastings ENG"]
[Date "2009.12.29"]
[Round "2"]
[White "Greet,A"]
[Black "Edouard,R"]
[Result "0-1"]
[WhiteElo "2423"]
[BlackElo "2620"]

1.e4 c5 2.Nf3 d6 3.Bb5+ Bd7 4.Bxd7+ Qxd7 5.c4 Nf6 6.Nc3 g6 7.d4 cxd4 8.Nxd4 Bg7
9.f3 O-O 10.O-O Nc6 11.Nde2 a6 12.a4 e6 13.Bg5 Qc7 14.Kh1 Nd7 15.b3 Nc5 16.Rb1 Rac8
17.Bh4 Rfe8 18.h3 Qa5 19.Qc2 Bxc3 20.Qxc3 Qxc3 21.Nxc3 Nd4 22.b4 Ncb3 23.e5 d5
24.cxd5 Rxc3 25.d6 Nf5 26.d7 Rf8 27.d8=Q Rxd8 28.Bxd8 Ng3+ 29.Kh2 Nxf1+ 30.Rxf1 Rc1
31.Rf2 Kf8 32.Rb2 Rc3 33.Bh4 Ke8 34.Be1 Rd3 35.Kg3 Nd4 36.Kf4 Nf5 37.Rd2 Re3
38.Bf2 Rb3 39.g4 Ne7 40.Bc5 Nd5+ 41.Ke4 b6 42.Bd6 Re3+ 43.Kd4 Rxf3 44.b5 a5
45.Rc2 Kd7 46.Ra2 f6 47.Bb8 fxe5+ 48.Kxe5 Re3+ 49.Kd4 Rxh3 50.Rf2 Ke7 51.Rc2 Rh4
52.Rc8 Rxg4+ 53.Ke5 Rg5+ 54.Kd4 Nf6 55.Rc6 Rg4+ 56.Kd3 Nd5  0-1

[Event "85th Masters"]
[Site "Hastings ENG"]
[Date "2009.12.29"]
[Round "2"]
[White "Webb,L"]
[Black "Arkell,K"]
[Result "0-1"]
[WhiteElo "2321"]
[BlackElo "2464"]

1.e4 c5 2.Nf3 d6 3.Bb5+ Bd7 4.Bxd7+ Qxd7 5.c4 Nc6 6.d4 cxd4 7.Nxd4 g6 8.Nc3 Bg7
9.Be3 Nf6 10.f3 O-O 11.O-O Rfc8 12.b3 Qd8 13.Qd2 a6 14.Rfd1 Qa5 15.a4 Nd7
16.Nd5 Qxd2 17.Rxd2 Kf8 18.Rb1 Nxd4 19.Bxd4 Bxd4+ 20.Rxd4 b5 21.cxb5 axb5
22.axb5 Ra5 23.Rc4 Rd8 24.Nc3 Ra7 25.Ra4 Rc7 26.Rc4 Rb7 27.Ra1 Nc5 28.b4 Nd3
29.Rd4 Ne5 30.f4 Nd7 31.Rc4 f5 32.Re1 fxe4 33.Rcxe4 Nf6 34.Rd4 Rc8 35.Ne4 Nxe4
36.Rdxe4 Rcc7 37.g3 Rxb5 38.R1e2 g5 39.Rb2 gxf4 40.gxf4 Kf7 41.Kf2 Kf6 42.Rbe2 Rcb7
43.Re6+ Kf7 44.Rh6 Kg7 45.Rhe6 Kf8 46.Kg3 Rf5 47.Kg4 Rf7 48.R6e4 Rb5 49.Ra2 Rg7+
50.Kf3 Rh5 51.Ke3 Rg1 52.Re2 Ra1 53.Kf3 Ra7 54.Kg4 Rb5 55.f5 Rab7 56.Rb2 Kf7
57.Rb3 Rc7 58.Rh3 Kg7 59.Rhe3 Rbb7 60.Rb3 d5 61.Rf4 Kf6 62.b5 Rc2 63.h4 Rb6
64.Ra4 h5+ 65.Kxh5 Kxf5 66.Rf3+ Ke5 67.Re3+ Kd6 68.Ra7 e6 69.Kg6 d4 70.Rg3 e5
71.h5 Kd5+ 72.Kg7 Rh2 73.Rg5 Ke4 74.Ra6 Rxb5 75.h6 d3 76.Rd6 d2 77.Kg6 Rb6
78.Rxb6 d1=Q 79.Re6 Qc2 80.Rgxe5+ Kf4+ 81.Re4+ Kf3 82.Kg7 Qc7+ 83.Re7 Rg2+
84.Kf6 Qd6+ 85.R7e6 Qf8+ 86.Ke5 Rg5+ 87.Kd4 Qc5+  0-1

[Event "North American Open"]
[Site "Las Vegas USA"]
[Date "2009.12.29"]
[Round "6"]
[White "Cherniack,A"]
[Black "Milman,L"]
[Result "0-1"]
[WhiteElo "2215"]
[BlackElo "2474"]

1.e4 c5 2.Nf3 d6 3.Bb5+ Bd7 4.Bxd7+ Qxd7 5.O-O g6 6.c3 Bg7 7.d4 Nf6 8.Re1 O-O
9.Bg5 cxd4 10.cxd4 d5 11.Bxf6 Bxf6 12.e5 Bg7 13.Nc3 Nc6 14.Rc1 Rac8 15.h4 e6
16.h5 Ne7 17.Qd2 b5 18.Ne2 Rxc1 19.Nxc1 Rb8 20.Nd3 Qc7 21.Rc1 Qd8 22.Qf4 Nf5
23.g4 Bh6 24.g5 Bf8 25.hxg6 hxg6 26.b4 a5 27.a3 axb4 28.axb4 Ra8 29.Nc5 Ra2
30.Rb1 Rc2 31.Ra1 Rb2 32.Nh4 Nxh4 33.Qxh4 Rxb4 34.Nd3 Ra4 35.Rd1 Be7 36.Kg2 Bxg5
37.Qg4 Bh6 38.Nc5 Ra7 39.f4 Bf8 40.Nxe6 fxe6 41.Qxe6+ Kg7 42.Rh1 Qe7 43.Qxd5 Qb7
44.Qxb7+ Rxb7 45.Rb1 b4 46.Rb3 Ra7 47.Rb1 Rd7 48.Rd1 b3 49.d5 b2 50.Rb1 Ba3
51.d6 Kf7 52.Kf3 Rb7 53.Ke4 Ke6  0-1

[Event "85th Masters"]
[Site "Hastings ENG"]
[Date "2009.12.30"]
[Round "3"]
[White "Green,An"]
[Black "Young,M"]
[Result "1-0"]
[WhiteElo "2151"]
[BlackElo "1971"]

1.e4 c5 2.Nf3 d6 3.Bb5+ Nd7 4.d4 cxd4 5.Qxd4 a6 6.Bxd7+ Qxd7 7.Nc3 e5 8.Qd3 Nf6
9.Bg5 Be7 10.O-O-O b5 11.Bxf6 gxf6 12.Nd5 Qc6 13.Nh4 Be6 14.Qf3 Rc8 15.c3 Bxd5
16.Rxd5 b4 17.Rd3 Qa4 18.Kb1 bxc3 19.Rxc3 Rxc3 20.bxc3 d5 21.Qf5 Qb5+ 22.Ka1 Qc4
23.Qh3 d4 24.Rb1 dxc3 25.Rb8+ Bd8 26.Qc8 Qxc8 27.Rxc8 Kd7 28.Rxc3 Bb6 29.Rc2 Rc8
30.Rxc8 Kxc8 31.f3 Kd7 32.Kb2 Be3 33.Kb3 Bd2 34.Kc4 Kc6 35.Nf5 Bc1 36.Ne7+ Kd6
37.Nd5 Bg5 38.g3 f5 39.exf5 Bd8 40.Nc3 Bb6 41.Ne4+ Ke7 42.Kd5 f6 43.a4 Ba5
44.Nc5  1-0

[Event "85th Masters"]
[Site "Hastings ENG"]
[Date "2009.12.31"]
[Round "4"]
[White "Devoille,Hugo"]
[Black "Nomat,E"]
[Result "1/2-1/2"]
[WhiteElo "1691"]
[BlackElo "1809"]

1.e4 c5 2.Nf3 d6 3.Bb5+ Nd7 4.c3 a6 5.Ba4 b5 6.Bc2 e6 7.O-O Be7 8.Re1 Bb7
9.d3 Ngf6 10.Nbd2 h6 11.Nf1 Nh7 12.Ng3 O-O 13.Be3 Nhf6 14.h3 Ne5 15.Nh2 Ng6
16.f4 Nh7 17.Rf1 f5 18.exf5 exf5 19.d4 Nh4 20.Rf2 Nf6 21.Nxf5 Ne4 22.Bxe4 Bxe4
23.Nxh4 Bxh4 24.Rf1 c4 25.Qg4 Bf5 26.Qf3 d5 27.Bf2 Bf6 28.Bg3 Be4 29.Qg4 Qb6
30.Bh4 b4 31.Nf3 Bxf3 32.gxf3 a5 33.Bg3 Rae8 34.Qd7 Qe6 35.Qxe6+ Rxe6 36.Rfe1 Rfe8
37.Rxe6 Rxe6 38.Re1 Kf7 39.Rxe6 Kxe6 40.Kf2 a4 41.Ke3 a3 42.bxa3 bxc3 43.Be1 Be7
44.Bxc3 Bxa3 45.Kf2 Kf5 46.Kg3 Bc1 47.a4 Bxf4+ 48.Kf2 Bc7 49.Kg2 g5 50.Kf2 Ke6
51.Ke3 h5 52.Kd2 Kd7 53.Kc2 Kc6 54.Kb2 Bd6 55.Bd2 Bf4 56.Bc3 Kb6 57.Kc2 Ka6
58.Kb2 Bc7 59.Bd2 Bd8 60.Kc2 Bb6 61.Bxg5 Bxd4 62.f4 Be3 63.h4 d4 64.f5 d3+
65.Kd1 Bc5 66.Bh6 Be7 67.Bg7 Bxh4 68.f6 c3 69.f7 c2+ 70.Kd2 Be1+ 71.Kxd3 c1=Q
72.f8=Q Qd1+ 73.Ke4 Qxa4+ 74.Bd4 Qc6+ 75.Kd3 Qg6+ 76.Kc4 Qe6+ 77.Kd3 Qb3+
78.Ke4 Qc2+ 79.Kd5 Qg2+ 80.Kc4 Qc6+ 81.Kd3 Ba5 82.Qc5 Qf3+  1/2-1/2

[Event "85th Masters"]
[Site "Hastings ENG"]
[Date "2009.12.31"]
[Round "4"]
[White "Spanton,T"]
[Black "Worek,J"]
[Result "1/2-1/2"]
[WhiteElo "2026"]
[BlackElo "2226"]

1.e4 c5 2.Nf3 d6 3.Bb5+ Bd7 4.Bxd7+ Qxd7 5.O-O Nc6 6.Re1 Nf6 7.b3 g6 8.Bb2 Bg7
9.c3 Rc8 10.d4 O-O 11.d5 Ne5 12.Nxe5 dxe5 13.c4 Nh5 14.Nc3 a6 15.a4 b6 16.h3 Rcd8
17.a5 b5 18.cxb5 axb5 19.Qe2 Rb8 20.a6 Nf4 21.Qe3 c4 22.a7 Ra8 23.bxc4 bxc4
24.Na4 Rxa7 25.Nc5 Qb5 26.Rxa7 Qxb2 27.Rb7 Qc2 28.g3 Nd3 29.Nxd3 cxd3 30.Rbb1 d2
31.Red1 Ra8 32.Qxd2 Qxe4 33.Rb7 Bf6 34.Rdb1 Kg7 35.Rb8 h5 36.h4 Ra6 37.R8b4 Qf5
38.Rb6 Ra4 39.R6b4 Ra6 40.Qe2 Rd6 41.Rd1 Qd7 42.Qb5 Qd8 43.Rc4 e6 44.Rc5 e4
45.Qc4 exd5 46.Rcxd5 Rxd5 47.Rxd5 Qe7 48.Qe2 Qb4 49.Rb5 Qd4 50.Rb1 Be5 51.Rd1 Qb4
52.g4 e3 53.fxe3 hxg4 54.e4 g3 55.Kg2  1/2-1/2

[Event "Meister Open"]
[Site "Basel SUI"]
[Date "2010.01.02"]
[Round "3"]
[White "Staechelin,R"]
[Black "Sommerhalder,E"]
[Result "1/2-1/2"]
[WhiteElo "2129"]
[BlackElo "1899"]

1.e4 c5 2.Nf3 d6 3.Bb5+ Nd7 4.O-O a6 5.Bxd7+ Bxd7 6.c3 Nf6 7.Re1 g6 8.d4 cxd4
9.cxd4 Bg7 10.Nc3 O-O 11.h3 b5 12.Bf4 Bc6 13.d5 Bb7 14.Qd2 Rc8 15.Bh6 b4
16.Bxg7 Kxg7 17.Nd1 Qb6 18.b3 a5 19.Nb2 Ba6 20.Nd4 Rc7 21.Na4 Qb7 22.f3 Bb5
23.Rac1 Rfc8 24.Rxc7 Rxc7 25.Rc1 Rxc1+ 26.Qxc1 Bxa4 27.bxa4 Qb6 28.Qe3 Nd7
29.Kf2 Qc5 30.Nb3 Qc2+ 31.Qe2 Qc3 32.Qe3 Qc2+ 33.Qe2 Qc3  1/2-1/2

[Event "85th Masters"]
[Site "Hastings ENG"]
[Date "2010.01.02"]
[Round "6"]
[White "Horn,St"]
[Black "Doran,C"]
[Result "1-0"]
[WhiteElo "2074"]
[BlackElo "1963"]

1.e4 c5 2.Nf3 d6 3.Bb5+ Bd7 4.Bxd7+ Qxd7 5.O-O Nc6 6.c3 Nf6 7.Re1 e6 8.d4 cxd4
9.cxd4 d5 10.e5 Ne4 11.Nbd2 Nxd2 12.Bxd2 Be7 13.Bc3 O-O 14.a3 a5 15.Qd3 a4
16.Re3 Rab8 17.Nd2 f5 18.exf6 Rxf6 19.Rae1 Rbf8 20.Nf3 h6 21.Qe2 Nd8 22.Ne5 Qe8
23.Nd3 b6 24.f3 Bd6 25.Bb4 Qe7 26.Qc2 b5 27.Bxd6 Qxd6 28.Rc1 Nb7 29.Qc6 Qxc6
30.Rxc6 Na5 31.Rcxe6 Nb3 32.Rxf6 Rxf6 33.Re5 Rd6 34.Nb4 Nxd4 35.Rxd5 Rxd5
36.Nxd5 Kf7 37.Kf2 Ke6 38.Nc3 Kd6 39.Ke3 Kc5 40.Kd3 Nc6 41.Ne4+ Kd5 42.Kc3 Ke5
43.Nc5 Kd5 44.Na6 Kd6 45.Nb4 Ne5 46.Nc2 Kc5 47.Ne3 g6 48.Ng4 Nf7 49.f4 g5
50.Nxh6 Nxh6 51.fxg5 Nf5 52.g6 Nd6 53.g7 Ne4+ 54.Kd3 Nf6 55.g4 b4 56.g5 Ng8
57.h4 bxa3 58.bxa3 Kd6 59.h5 Ke7 60.h6 Kf7 61.h7 Kxg7 62.hxg8=Q+ Kxg8 63.Kc4 Kf7  1-0

[Event "ch-AUS"]
[Site "Sydney AUS"]
[Date "2010.01.02"]
[Round "1"]
[White "Wallis,C"]
[Black "Jones,G"]
[Result "0-1"]
[WhiteElo "2246"]
[BlackElo "2561"]

1.e4 c5 2.Nf3 d6 3.Bb5+ Nc6 4.d4 cxd4 5.Qxd4 Bd7 6.Bxc6 Bxc6 7.Nc3 Nf6 8.Bg5 e6
9.O-O-O Be7 10.Rhe1 O-O 11.Kb1 Qc7 12.Qd2 b5 13.Nd4 Rfd8 14.f3 Rab8 15.g4 Be8
16.Nce2 a5 17.Ng3 Kh8 18.Rg1 Ng8 19.h4 a4 20.Bxe7 Qxe7 21.g5 b4 22.h5 b3
23.cxb3 axb3 24.a3 Rdc8 25.Rc1 Rc5 26.h6 g6 27.Rxc5 dxc5 28.Nde2 Rd8 29.Qc3+ e5
30.f4 Bb5 31.Kc1 f6 32.gxf6 Qxf6 33.Qxe5 Qxe5 34.fxe5 Nxh6 35.Nc3 Bc4 36.Rd1 Rxd1+
37.Kxd1 Ng4 38.Na4 Nxe5 39.Nxc5 h5 40.Kd2 Kg7 41.Ke3 Kf6 42.Kd4 h4 43.Nh1 g5
44.Nf2 g4 45.a4 g3 46.Nh3 Bf1 47.Nf4 Ng6 48.Nd5+ Kf7 49.e5 g2 50.e6+ Kg7  0-1

[Event "ch-AUS"]
[Site "Sydney AUS"]
[Date "2010.01.02"]
[Round "1"]
[White "Levi,Ed"]
[Black "Matheson,L"]
[Result "1/2-1/2"]
[WhiteElo "2271"]
[BlackElo "2048"]

1.e4 c5 2.Nf3 d6 3.Bb5+ Bd7 4.Bxd7+ Qxd7 5.O-O Nf6 6.e5 dxe5 7.Nxe5 Qc7 8.d4 e6
9.Bf4 Bd6 10.Nc3 a6 11.Re1 cxd4 12.Qxd4 Nc6 13.Nxc6 Bxf4 14.Ne5 Bxe5 15.Rxe5 Rd8
16.Qf4 O-O 17.Rae1 Nd5 18.Nxd5 Rxd5 19.c3 Rxe5 20.Qxe5 Qxe5 21.Rxe5 Rd8 22.Kf1 Rd2
23.Re2 Rd1+ 24.Re1 Rd2 25.Re2  1/2-1/2

[Event "15th Open"]
[Site "Bosnjaci CRO"]
[Date "2010.01.04"]
[Round "3"]
[White "Hodak,S"]
[Black "Grubisic,Iv"]
[Result "1-0"]
[WhiteElo "2181"]
[BlackElo "1928"]

1.e4 c5 2.Nf3 d6 3.Bb5+ Bd7 4.Bxd7+ Nxd7 5.O-O e6 6.d4 cxd4 7.Qxd4 Qb6 8.Qxb6 Nxb6
9.Be3 Nc4 10.Bd4 e5 11.Bc3 Nf6 12.Re1 Be7 13.b3 Nb6 14.Bb4 a5 15.Ba3 Rc8
16.c4 Nbd7 17.Nc3 O-O 18.Rad1 Nc5 19.Bxc5 Rxc5 20.Nd2 Re8 21.Nf1 g6 22.f3 Kg7
23.Ne3 Bf8 24.Rd3 Rd8 25.Red1 Nh5 26.Ned5 Nf6 27.Nxf6 Kxf6 28.Rd5 Rxd5 29.Rxd5 Ra8
30.Rb5 Ra7 31.Rb6 Kg7 32.Kf1 f5 33.Nb5 Ra6 34.Rxb7+ Kf6 35.Nc7 Rc6 36.Nd5+ Ke6
37.Rxh7 a4 38.Ra7 axb3 39.axb3 fxe4 40.fxe4 Rc8 41.Ke2 Rc6 42.Kd3 Rc8 43.b4  1-0

[Event "85th Masters"]
[Site "Hastings ENG"]
[Date "2010.01.05"]
[Round "9"]
[White "Breder,D"]
[Black "Bates,Ri"]
[Result "1-0"]
[WhiteElo "2427"]
[BlackElo "2383"]

1.e4 c5 2.Nf3 d6 3.Bb5+ Bd7 4.Bxd7+ Qxd7 5.O-O Nf6 6.Qe2 Nc6 7.Rd1 g5 8.c3 g4
9.Nh4 Qe6 10.d3 c4 11.d4 Qxe4 12.Qxc4 Rg8 13.Na3 e6 14.Bd2 Be7 15.g3 Qd5
16.Qe2 Kd7 17.Nc2 Qe4 18.Qb5 Rab8 19.Ne3 a6 20.Qf1 Nd5 21.Neg2 Qc2 22.c4 Nb6
23.Bc3 Bxh4 24.Nxh4 d5 25.c5 Nc8 26.Rd2 Qa4 27.b3 Qa3 28.f3 N8e7 29.fxg4 Rxg4
30.Qxf7 Re4 31.Ng2 e5 32.Qxh7 exd4 33.Bb2 Qxc5 34.Rc1 Qd6 35.Qh3+ Kc7 36.Rxd4 Re2
37.Ba1 Rf8 38.Nf4 Qe5 39.Nxe2 Qxe2 40.g4 Rf3 41.Qh6 Qf2+ 42.Kh1 Qe2 43.Kg1 Qf2+
44.Kh1 Qe2 45.Rf4 Qe3 46.Rf6 Qe4 47.Rxf3 Qxf3+ 48.Kg1 Qxg4+ 49.Kf2 Qf5+ 50.Kg1 Qg4+
51.Kf2 Qf5+ 52.Ke1 Qe4+ 53.Kd2 Qg2+ 54.Kd1 Qf3+ 55.Kc2 Nf5 56.Qd2 Ne3+ 57.Kb2 Qf6+
58.Qc3 d4 59.Qd3 Kb8 60.Kb1 Qg7 61.Re1 Nd5 62.Qg3+  1-0

[Event "22nd Open"]
[Site "Staufer GER"]
[Date "2010.01.05"]
[Round "8"]
[White "Heimrath,R"]
[Black "Braun,Jo"]
[Result "1-0"]
[WhiteElo "2252"]
[BlackElo "2138"]

1.e4 c5 2.Nf3 d6 3.Bb5+ Bd7 4.a4 Nc6 5.O-O a6 6.Bc4 e6 7.Re1 Nf6 8.c3 Be7
9.d4 cxd4 10.cxd4 d5 11.exd5 exd5 12.Bb3 Bg4 13.Be3 O-O 14.h3 Bh5 15.g4 Bg6
16.Nc3 Nb4 17.Ne5 Ne4 18.Nxg6 hxg6 19.Qf3 f5 20.Nxe4 fxe4 21.Qxe4 Kh7 22.Qg2 Bd6
23.Re2 Rc8 24.Rf1 Bf4 25.Rd1 Qd6 26.Bxf4 Rxf4 27.Re5 Rxd4 28.Qg3 Rxd1+ 29.Bxd1 Qc5
30.Kg2 Rf8 31.Bf3 Nd3 32.Qh4+ Kg8 33.Bxd5+ Qxd5+ 34.Rxd5 Nf4+ 35.Kg3 Nxd5
36.Qg5 Nb6 37.a5 Nd7 38.Qd5+ Rf7 39.Qxb7  1-0

[Event "ch-AUS"]
[Site "Sydney AUS"]
[Date "2010.01.08"]
[Round "6"]
[White "Lazarus,Be"]
[Black "Charles,Ga"]
[Result "1/2-1/2"]
[WhiteElo "2162"]
[BlackElo "2175"]

1.e4 c5 2.Nf3 d6 3.Bb5+ Bd7 4.Bxd7+ Qxd7 5.O-O Nf6 6.Re1 Nc6 7.c3 e6 8.d4 d5
9.e5 Ne4 10.Nbd2 Nxd2 11.Bxd2 Be7 12.Rb1 b5 13.Qe2 a6 14.h4 O-O 15.Qe3 cxd4
16.cxd4 Rfc8 17.Rbc1 Qd8 18.g3 Qb6 19.Rc2 Rc7 20.Rec1 Rac8 21.Ne1 Na5 22.Rxc7 Rxc7
23.Bxa5 Qxa5 24.Rxc7 Qxc7 25.Qd2 f6 26.f4 fxe5 27.fxe5 a5 28.Nd3 Bd8 29.Nf4 Qf7
30.Qe2 Bb6 31.Qd2 Qf5 32.Kh2 g5 33.hxg5 Qxg5 34.Qc3 Qe7 35.Nh5 b4 36.Qd3 Bd8
37.Nf6+ Kh8 38.Nh5 Qf7 39.Nf4 Bg5 40.Nh3 Bh6 41.Kg2  1/2-1/2

[Event "8th Parsvnath Open"]
[Site "New Delhi IND"]
[Date "2010.01.14"]
[Round "2"]
[White "Mari,T"]
[Black "Ghaem Maghami,E"]
[Result "0-1"]
[WhiteElo "1854"]
[BlackElo "2589"]

1.e4 c5 2.Nf3 d6 3.Bb5+ Nc6 4.O-O Bd7 5.Re1 Nf6 6.c3 a6 7.Bxc6 Bxc6 8.d4 Bxe4
9.Bg5 Bg6 10.d5 Qd7 11.Nbd2 h6 12.Bxf6 gxf6 13.Nc4 Rd8 14.Nh4 Bh7 15.Qf3 Rg8
16.h3 Rg5 17.Re2 b5 18.Na5 e5 19.Nc6 Rc8 20.a4 b4 21.cxb4 cxb4 22.Qxf6 Bg7
23.Qf3 Kf8 24.Qb3 e4 25.Rae1 Bf6 26.Rxe4 Bxe4 27.Rxe4 a5 28.Qf3 Bxb2 29.Re7 Qxe7
30.Nxe7 Rc1+ 31.Kh2 Be5+ 32.g3 Kxe7 33.Qe3 Rc2 34.Nf3 Rf5 35.Kg2 Kf8 36.Qxh6+ Bg7
37.Qh7 Rxf3 38.Qxc2 Rc3 39.Qf5 b3 40.Qd7 Bf6 41.Qxd6+ Kg7  0-1

[Event "46th ch-CUB"]
[Site "Ciego de Avila CUB"]
[Date "2010.01.15"]
[Round "3"]
[White "De la Paz Perdomo,F"]
[Black "Hernandez Carmenates,Hold"]
[Result "0-1"]
[WhiteElo "2486"]
[BlackElo "2573"]

1.e4 c5 2.Nf3 d6 3.Bb5+ Nd7 4.c3 Nf6 5.Qe2 a6 6.Ba4 e5 7.O-O b5 8.Bc2 Be7
9.a4 b4 10.a5 O-O 11.d4 cxd4 12.cxd4 Bb7 13.d5 Nc5 14.b3 Nfd7 15.Rd1 Rb8
16.Nbd2 f5 17.exf5 Nf6 18.Nb1 Rc8 19.Ng5 Nxd5 20.Nxh7 Kxh7 21.f6+ Kg8 22.fxe7 Qxe7
23.Qh5 e4 24.Rxd5 Qf6 25.Be3 Qxa1 26.Bd4 Qa2 27.Bxg7 Qxc2 28.Nd2 Bxd5 29.Bd4 e3
30.Qg5+ Kf7 31.Qxd5+ Ke7 32.Qg5+ Kd7 33.Bxe3 Qf5 34.Qg7+ Rf7 35.Qd4 Nxb3  0-1

[Event "8th Parsvnath Open"]
[Site "New Delhi IND"]
[Date "2010.01.16"]
[Round "4"]
[White "Rathnakaran,K"]
[Black "Ghaem Maghami,E"]
[Result "0-1"]
[WhiteElo "2402"]
[BlackElo "2589"]

1.e4 c5 2.Nf3 d6 3.Bb5+ Nd7 4.O-O a6 5.Bd3 Ngf6 6.c3 b5 7.Bc2 Bb7 8.d3 e5
9.Re1 Be7 10.Nbd2 O-O 11.Nf1 Re8 12.Ng3 Bf8 13.Nf5 d5 14.Bg5 Qc7 15.Nd2 h6
16.Bxh6 gxh6 17.Re3 dxe4 18.Rg3+ Kh7 19.dxe4 Re6 20.Qf3 c4 21.b4 a5 22.Nf1 axb4
23.cxb4 Qb6 24.Rd1 Rxa2 25.Nxh6 Bxh6 26.Rxd7 Rxc2 27.Rxf7+ Kh8 28.Rg6 Bxe4
29.Rxh6+ Kg8 30.Rfxf6 Rxf6 31.Qg4+ Bg6 32.Qc8+ Kf7 33.Qd7+ Kg8 34.Rxg6+ Rxg6
35.Qe8+ Kh7 36.Qf7+ Kh8 37.Qe8+ Kh7 38.Qf7+ Rg7 39.Qf5+ Qg6 40.Qh3+ Kg8 41.Qc8+ Kf7
42.Qd7+ Kf8 43.Qc8+ Qe8 44.Qf5+ Kg8 45.Qxc2 Qg6 46.Qxg6 Rxg6 47.Ne3 Rd6 48.Kf1 Rd2
49.Ke1 Rb2 50.Nd5 Kf7 51.h4 Rb3 52.h5 Rd3 53.Ne3 Kf6 54.Ke2 Kg5 55.g4 Rb3
56.f3 Rb2+ 57.Kd1 Rxb4 58.Nf5 Rb2  0-1

[Event "TCh-AUT 2009-10"]
[Site "Graz AUT"]
[Date "2010.01.17"]
[Round "7"]
[White "Froewis,G"]
[Black "Palac,M"]
[Result "1/2-1/2"]
[WhiteElo "2274"]
[BlackElo "2578"]

1.e4 c5 2.Nf3 d6 3.Bb5+ Nd7 4.O-O a6 5.Bxd7+ Bxd7 6.Re1 Rc8 7.b3 Bg4 8.h3 Bh5
9.Bb2 e6 10.d3 Nf6 11.Nbd2 Be7 12.e5 dxe5 13.g4 Bg6 14.Nxe5 Nd5 15.Qf3 O-O
16.a3 Bg5 17.Ne4 Bh6 18.Qg2 Bf4 19.c4 Ne7 20.Ng3 Bxe5 21.Bxe5 Nc6 22.Rad1 Nxe5
23.Rxe5 Qb6 24.b4 cxb4 25.axb4 Qxb4 26.f4 b5 27.f5 exf5 28.gxf5 f6 29.Re6 Bf7
30.Rxa6 bxc4 31.dxc4 Qxc4 32.Rad6 Qf4 33.Kh2 h5 34.R6d4 Qb8 35.h4 Rfd8 36.Rxd8+ Rxd8
37.Rxd8+ Qxd8 38.Qe4 Qd2+ 39.Kh3 Kh7 40.Qe7 Bc4 41.Qe8 Qd1 42.Qg6+ Kh8 43.Qe8+ Kh7  1/2-1/2

[Event "4th SOP-SMAOK Open"]
[Site "Athens GRE"]
[Date "2010.01.19"]
[Round "2"]
[White "Tassopoulos,M"]
[Black "Sideris,T"]
[Result "1/2-1/2"]
[WhiteElo "2243"]
[BlackElo "2024"]

1.e4 c5 2.Nf3 d6 3.Bb5+ Nd7 4.O-O e5 5.c3 a6 6.Ba4 b5 7.Bc2 Ngf6 8.d4 Be7
9.Re1 O-O 10.Nbd2 Bb7 11.Nf1 Qb6 12.d5 Rfe8 13.Ng3 Nf8 14.Nf5 Bc8 15.Ng5 h6
16.Nf3 Bxf5 17.exf5 Qb7 18.b3 Bd8 19.c4 e4 20.Nd2 Ba5 21.Bb2 N8h7 22.Re3 Bxd2
23.Qxd2 bxc4 24.Rg3 Kh8 25.Qf4 cxb3 26.axb3 c4 27.Qxd6 cxb3 28.Rxb3 Qxd5
29.Qxd5 Nxd5 30.Rb7 Rab8 31.Rxb8 Rxb8 32.Be5 Ra8 33.Bxe4 Re8 34.f4 Nxf4 35.Rxa6 Ne2+
36.Kf1 Ng5 37.Ra8 Rxa8 38.Bxa8 f6 39.Bb2 Nf4 40.h4 Nf7 41.Be4 Nd6 42.Bc2 Nd5
43.Kf2 Nb4 44.Bb1 Nc4 45.Bc3 Nc6 46.Bd3 N6e5 47.Bc2 Kh7 48.Ke2 Kg8 49.Bb3 Kh7  1/2-1/2

[Event "8th Parsvnath Open"]
[Site "New Delhi IND"]
[Date "2010.01.20"]
[Round "9"]
[White "Girinath,P"]
[Black "Swapan Kr,D"]
[Result "1/2-1/2"]
[WhiteElo "2370"]
[BlackElo "1677"]

1.e4 c5 2.Nf3 d6 3.Bb5+ Nc6 4.O-O Bd7 5.Re1 Nf6 6.Nc3 e5 7.Nd5 Nxd5 8.exd5 Ne7
9.Bxd7+ Qxd7 10.c4 g6 11.b4 b6 12.bxc5 bxc5 13.d4 cxd4 14.Bg5 Bg7 15.Bxe7 Qxe7
16.Nxd4 O-O 17.Nc6 Qh4  1/2-1/2

[Event "8th Parsvnath Open"]
[Site "New Delhi IND"]
[Date "2010.01.20"]
[Round "9"]
[White "Navin,K"]
[Black "Manik,M"]
[Result "1/2-1/2"]
[WhiteElo "2271"]
[BlackElo "2435"]

1.e4 c5 2.Nf3 d6 3.Bb5+ Nc6 4.O-O Bd7 5.Re1 Nf6 6.c3 a6 7.Ba4 b5 8.Bc2 Bg4
9.h3 Bxf3 10.Qxf3 g6 11.a4 Rb8 12.axb5 axb5 13.Na3 Nd7 14.Qe2 Qb6 15.Bd3 c4
16.Bc2 Bg7 17.Rb1 O-O 18.b3 cxb3 19.Bxb3 b4 20.Nc2 Qa5 21.cxb4 Nxb4 22.d3 Nxc2
23.Bxc2 Rxb1 24.Bxb1 Nc5 25.Rf1 Qb5 26.Qc2 Rb8 27.Be3 Qa5 28.Qc4 Nb3 29.Bc2 Nd2
30.Bxd2 Qxd2 31.Rd1 Qe2 32.Bb3 Qb2 33.Bc2 Bd4 34.Rb1 Qxb1+ 35.Bxb1 Rxb1+
36.Kh2 Bxf2 37.Qc8+ Kg7 38.Qc3+ e5 39.Qc2 Bg1+ 40.Kg3 Re1 41.Kh4 h5 42.g4 Be3
43.Kg3 Bf4+ 44.Kg2 hxg4 45.hxg4 Re3 46.Kf2 Rg3 47.Qd1 Kf6 48.Qb3  1/2-1/2

[Event "GMA"]
[Site "Marianske Lazne CZE"]
[Date "2010.01.21"]
[Round "7"]
[White "Simacek,P"]
[Black "Oparin,G"]
[Result "1-0"]
[WhiteElo "2513"]
[BlackElo "2343"]

1.e4 c5 2.Nf3 d6 3.Bb5+ Bd7 4.Bxd7+ Qxd7 5.c4 Nf6 6.Nc3 Nc6 7.d4 cxd4 8.Nxd4 g6
9.h3 Bg7 10.Be3 O-O 11.O-O Rfc8 12.b3 Qd8 13.Qd2 Nd7 14.Rad1 Nxd4 15.Bxd4 Bxd4
16.Qxd4 Qb6 17.Qd2 a6 18.Nd5 Qd8 19.f4 b5 20.cxb5 axb5 21.f5 Rc5 22.Rf2 Rac8
23.Rdf1 f6 24.fxg6 hxg6 25.Qh6 Qe8 26.Rf4 g5 27.Rf5 Rc2 28.Rxg5+ fxg5 29.Qxg5+ Kh7
30.Rf4 Qg6 31.Rh4+ Kg7 32.Qxe7+ Kg8 33.Rg4 Qxg4 34.hxg4 Nf8 35.Nf6+ Kh8 36.Qf7  1-0